广东省小测验-Guangdong Province Quiz - Statistics

General Stats
  • This quiz has been taken 38 times
  • The average score is 21 of 24
Answer Stats
提示 答案 % Correct
省会城市 广州市
100%
相邻的省级行政区 福建省
100%
相邻的省级行政区 江西省
100%
相邻的省级行政区 湖南省
100%
相邻的省级行政区 广西壮族自治区
100%
主要的方言大类 粤语
100%
改革开放最初的四个经济特区有三个在广东 深圳
100%
改革开放最初的四个经济特区有三个在广东 珠海
100%
改革开放最初的四个经济特区有三个在广东 汕头
100%
这个半岛上的这个县是中国大陆的最南端 {雷州}半岛
97%
相邻的省级行政区 香港特别行政区
94%
相邻的省级行政区 澳门特别行政区
94%
主要的方言大类 客家话
94%
这个半岛上的这个县是中国大陆的最南端 {徐闻}县
89%
拥有的“985”大学 中山大学
89%
主要的方言大类 闽语
86%
拥有的“985”大学 华南理工大学
83%
一般称粤语的声调数量是 {九}声
83%
这个地方被称作“世界客都” 梅州
77%
一般称粤语的声调数量是 {六}调
77%
这位晚清政治人物生于广东南海, 是资产阶级改良主义的代表人物 康有为
66%
最年轻的地级市 云浮市
60%
这位唐朝宰相、诗人生于广东韶关 张九龄
57%
第一处世界文化遗产 开平碉楼与村落
49%
No matching quizzes found
Score Distribution
Percent of People with Each Score
Percentile by Number Answered
Your Score History
You have not taken this quiz